[Event "27th CRO-chT 1A-Men 2018"]
[Site "Biograd"]
[Date "2018.09.14"]
[Round "7.9"]
[White "Lalic, Bogdan"]
[Black "Muse, Drazen"]
[Result "1/2-1/2"]
[WhiteElo "2403"]
[BlackElo "2352"]
[Annotator "NA"]
[PlyCount "26"]
[EventDate "2018.09.08"]
[EventType "team-tourn"]
[EventCountry "CRO"]
[SourceTitle "playchess.com"]
[Source "ChessBase"]
[SourceQuality "1"]
[TimeControl "40/5400+30:1800+30"]

1. d4 {[%emt 0:06:30]} e6 {[%emt 0:00:30]} 2. c4 {[%emt 0:00:30]} f5 {[%emt 0:00:00]} 3. Nf3 {[%emt 0:00:30]} Nf6 {[%emt 0:00:00]} 4. g3 {[%emt 0:00:00]} Be7 {[%emt 0:00:30]} 5. Bg2 {[%emt 0:00:00]} O-O {[%emt 0:00:00]} 6. O-O {[%emt 0:00:00]} d5 {[%emt 0:00:00]} 7. b3 {[%emt 0:01:00]} Nc6 {[%emt 0:00:00]} 8. Ba3 {[%emt 0:00:30]} Bxa3 {[%emt 0:01:00]} 9. Nxa3 {[%emt 0:00:30]} Ne4 {[%emt 0:00:00]} 10. Qc1 {[%emt 0:01:30]} Bd7 {[%emt 0:01:00]} 11. Qb2 {[%emt 0:01:30]} a5 {[%emt 0:00:30]} 12. Rac1 {[%emt 0:00:30]} Be8 {[%emt 0:00:30]} 13. Nc2 {[%emt 0:01:30]} f4 {[%emt 0:02:30]} 1/2-1/2

[Event "27th CRO-chT 1A-Men 2018"]
[Site "Biograd"]
[Date "2018.09.14"]
[Round "7.10"]
[White "Jukic, Zdenko"]
[Black "Plenkovic, Zdenko"]
[Result "1/2-1/2"]
[WhiteElo "2319"]
[BlackElo "2418"]
[Annotator "TA"]
[PlyCount "147"]
[EventDate "2018.09.08"]
[EventType "team-tourn"]
[EventCountry "CRO"]
[SourceTitle "playchess.com"]
[Source "ChessBase"]
[SourceQuality "1"]

{[%evp 18,147,20,0,37,32,61,48,58,59,56,61,51,56,89,52,79,0,15,0,4,0,13,10,10,0,0,-10,8,0,50,14,9,9,26,8,8,8,8,8,8,8,10,8,8,-8,-8,-8,-8,-8,-8,-15,-5,-5,-5,-14,-14,-16,-8,-8,-5,-5,-5,-8,-5,-5,0,-12,0,0,0,-12,-8,-8,-8,-53,-53,-53,-53,-53,-53,-53,-53,-53,-53,-53,-53,-53,-53,-53,-53,-53,-53,-53,-53,-53,-53,-53,-53,-53,-53,-53,-53,-53,-53,-53,-53,-53,-8,-53,0,-53,0,-53,0,-53,-8,-8,0,-53,0,-53,-53,-53,0,-53,0,-8,0,-53,-8,-8]} 1. e4 d5 2. exd5 Qxd5 3. Nf3 g6 4. Nc3 (4. d4 Bg7 5. Be2 Nf6 6. O-O O-O 7. c4 Qd8 8. Nc3 Bg4 9. h3 Bxf3 10. Bxf3 Nc6 11. Be3 Ne8 12. d5 Ne5 13. c5 b6 14. Be2 bxc5 15. Bxc5 Nd6 16. Rc1 {½-½ (51) Matlakov,M (2738)-Artemiev,V (2696) Moscow 2017}) 4... Qd6 5. Bc4 Bg7 6. Qe2 {B01: Scandinavian Defence} Nf6 7. h3 O-O 8. d4 a6 9. O-O b5 10. Bd3 {LiveBook: 3 Games} Nbd7 $146 {[%cal Bb8d7,Bd7b6,Bb6a4,Ba4c3][%mdl 32]} ({Predecessor:} 10... Nc6 11. Rd1 Be6 12. Ne4 Nxe4 13. Bxe4 Bc4 14. Qe1 Rad8 15. c3 Bd5 16. Bxd5 Qxd5 {½-½ (24) Kharitonov,A (2539)-Epishin,V (2567) Hoogeveen 2000}) 11. a4 b4 12. Ne4 Nxe4 13. Qxe4 Nb6 14. Bf4 Qd8 15. Qc6 Bd7 16. Qxc7 (16. Qc5 {feels hotter.} Nxa4 17. Qxb4 a5 18. Qa3 Bc6 19. Rfe1) 16... Nxa4 17. b3 (17. Ra2 $16) 17... Nc3 18. Rxa6 Rxa6 19. Bxa6 Qxc7 20. Bxc7 Bf5 21. Re1 Nd5 22. Be5 Bh6 23. Bc4 Rd8 24. Bxd5 (24. Bg3 {is more complex.} e6 25. Ra1 Bxc2 26. Ne5 Be4 27. Ra7) 24... Rxd5 25. Re2 f6 26. Bc7 Kf7 27. Bb6 Rd6 28. Bc5 Re6 29. Rxe6 Kxe6 $11 {[%mdl 4096] Endgame KBB-KBN} 30. d5+ Kxd5 31. Bxe7 Bxc2 32. Bxb4 Bxb3 33. Bc3 f5 34. Bd2 Bf8 35. h4 h6 36. Be3 Bd1 37. Nd2 Be2 38. g3 Bg7 39. Kg2 Bd3 40. Bf4 Kd4 41. Nf3+ Kd5 42. Nd2 h5 43. Be3 Be5 44. Nf1 f4 45. gxf4 Bf6 46. Ng3 (46. f5 $5) 46... Bxh4 47. f5 Bxf5 48. Nxf5 gxf5 $15 {KB-KB} 49. Kf3 Bf6 50. Bf4 h4 {[#] And now ...Be5 would win.} 51. Bc1 Be7 52. Kg2 Ke4 53. Be3 $1 Bd8 54. Bc5 Kd3 55. Kf3 Bc7 56. Kg2 Ke2 57. Kh3 Bd8 58. Kg2 Bg5 59. Bb6 Bf6 60. Bc5 Kd3 61. Kh3 Ke4 62. Kg2 Kf4 63. Be3+ Ke4 64. Bc5 $1 Kd3 65. Kh3 Ke2 66. Kg2 $1 Be5 67. Kh3 Bf6 68. Kg2 $1 Bg5 69. Bb6 $1 Be7 70. Bd4 Bd8 71. Bc5 $1 Bc7 72. Kh3 Bd8 73. Kg2 $1 Ba5 74. Kh3 {Precision: White = 75%, Black = 46%.} 1/2-1/2

[Event "27th CRO-chT 1A-Men 2018"]
[Site "Biograd"]
[Date "2018.09.14"]
[Round "7.11"]
[White "Loncar, Robert"]
[Black "Zovko, Mario"]
[Result "1/2-1/2"]
[WhiteElo "2409"]
[BlackElo "2328"]
[Annotator "NA"]
[PlyCount "23"]
[EventDate "2018.09.08"]
[EventType "team-tourn"]
[EventCountry "CRO"]
[SourceTitle "playchess.com"]
[Source "ChessBase"]
[SourceQuality "1"]
[TimeControl "40/5400+30:1800+30"]

1. d4 {[%emt 0:00:30]} d5 {[%emt 0:00:30]} 2. c4 {[%emt 0:06:30]} c6 {[%emt 0:02:30]} 3. Nc3 {[%emt 0:00:00]} Nf6 {[%emt 0:00:30]} 4. cxd5 {[%emt 0:00:00]} cxd5 {[%emt 0:00:30]} 5. Bf4 {[%emt 0:00:30]} a6 {[%emt 0:00:00]} 6. e3 {[%emt 0:00:00]} Nc6 {[%emt 0:00:00]} 7. Nf3 {[%emt 0:00:00]} e6 {[%emt 0:00:30]} 8. Bd3 {[%emt 0:00:00]} Bb4 {[%emt 0:00:00]} 9. O-O {[%emt 0:00:00]} O-O {[%emt 0:00:00]} 10. Rc1 {[%emt 0:00:30]} Bd7 {[%emt 0:00:30]} 11. a3 {[%emt 0:00:00]} Be7 {[%emt 0:00:00]} 12. h3 {[%emt 0:00:00]} 1/2-1/2

[Event "27th CRO-chT 1A-Men 2018"]
[Site "Biograd"]
[Date "2018.09.14"]
[Round "7.12"]
[White "Cosic, Marin"]
[Black "Sale, Srdjan"]
[Result "0-1"]
[WhiteElo "2227"]
[BlackElo "2428"]
[Annotator "TA"]
[PlyCount "60"]
[EventDate "2018.09.08"]
[EventType "team-tourn"]
[EventCountry "CRO"]
[SourceTitle "playchess.com"]
[Source "ChessBase"]
[SourceQuality "1"]

{[%evp 22,60,17,12,29,8,9,-2,-11,-10,-9,-12,0,-55,-43,-47,-25,-16,-5,-8,-10,-13,0,0,0,0,0,-23,-16,-120,-120,-120,-120,-200,-105,-262,-254,-258,-185,-2154,-2109]} 1. d4 g6 2. e4 Bg7 3. Nc3 d6 4. Be3 a6 5. Qd2 b5 {[%cal Bb7b5,Bb5b4][%mdl 32]} 6. a4 b4 7. Nd1 a5 8. c3 Nf6 {B06: Modern Defence} 9. f3 bxc3 10. bxc3 O-O 11. Bd3 Nbd7 12. Ne2 {LiveBook: 14 Games} Ba6 13. O-O Qc8 (13... Nb6 14. Bxa6 Rxa6 15. Qd3 Ra8 16. Bf2 Qd7 17. Nb2 {½-½ (54) Anand,V (2757)-Azmaiparashvili,Z (2676) Dubai 2002}) 14. Rb1 $146 ({Predecessor:} 14. Nb2 Nb6 {½-½ (41) Fuhrwerk,K (2275)-Martys,M (2220) LSS email 2008}) 14... Nb6 15. Nb2 Nfd7 16. Rfc1 c5 17. d5 (17. Nf4 $11) 17... Bxd3 $15 18. Qxd3 Ne5 19. Qc2 Nbc4 20. Nxc4 Nxc4 21. Qd3 Qa6 22. Bg5 Rfe8 23. Rb3 h6 $36 {[%mdl 2048] Black has the initiative.} 24. Bf4 Reb8 25. Rcb1 (25. Rxb8+ $11 {remains equal.} Rxb8 26. Ra1) 25... Rxb3 $17 26. Rxb3 Nb6 27. Qb1 (27. Qxa6 $17 Rxa6 28. Ra3) 27... Nxd5 ({Don't play} 27... Nxa4 28. Kf2 $17) ({Black should play} 27... Qxe2 $19 28. Rb2 Qc4 29. Rxb6 Qxa4) 28. exd5 $2 (28. Qb2 $17 Nb4 29. Qd2) 28... Qxe2 $19 29. Qf1 Qc2 30. Qc4 $2 {[#]} (30. Qb1 Qe2 31. h3) 30... Bd4+ $1 {[%mdl 512] Precision: White = 17%, Black = 49%.} 0-1

[Event "27th CRO-chT 1A-Men 2018"]
[Site "Biograd"]
[Date "2018.09.14"]
[Round "7.13"]
[White "Malakhov, Vladimir"]
[Black "Tomashevsky, Evgeny"]
[Result "1/2-1/2"]
[WhiteElo "2666"]
[BlackElo "2702"]
[Annotator "TA"]
[PlyCount "47"]
[EventDate "2018.09.08"]
[EventType "team-tourn"]
[EventCountry "CRO"]
[SourceTitle "playchess.com"]
[Source "ChessBase"]
[SourceQuality "1"]

{[%evp 23,47,1,25,22,28,-2,24,27,37,31,25,31,37,31,30,49,46,5,4,11,16,24,24,0,0,0]} 1. e4 e5 2. Nf3 Nc6 3. Bc4 Bc5 4. O-O Nf6 5. d3 d6 6. c3 a6 7. a4 O-O 8. h3 {C54: Giuoco Piano: 4 c3 Nf6, main lines with 5 d4 and 5 d3} Ba7 9. Re1 Ne7 10. d4 Ng6 11. Nbd2 c6 12. b4 exd4 {LiveBook: 5 Games} 13. cxd4 d5 14. Bd3 (14. exd5 {with more complications.} Nxd5 15. Ne4 Bf5 16. Bd2 Re8 17. Nc5) 14... dxe4 (14... Nf4 $5 {[%cal Rf4d3]} 15. Bf1 Nxe4 $11) 15. Nxe4 Nxe4 16. Bxe4 Be6 17. b5 {[#]} Bd5 $146 ({Predecessor:} 17... axb5 18. axb5 {½-½ (115) Harikrishna,P (2737)-Jakovenko,D (2703) Geneva 2017}) 18. bxa6 bxa6 19. Qd3 Bxe4 20. Qxe4 {Black should prevent Ba3.} Re8 21. Qxe8+ Qxe8 22. Rxe8+ Rxe8 23. Bd2 f6 24. Rc1 1/2-1/2

[Event "27th CRO-chT 1A-Men 2018"]
[Site "Biograd"]
[Date "2018.09.14"]
[Round "7.14"]
[White "Saric, Ivan"]
[Black "Korobov, Anton"]
[Result "1-0"]
[WhiteElo "2689"]
[BlackElo "2685"]
[Annotator "TA"]
[PlyCount "155"]
[EventDate "2018.09.08"]
[EventType "team-tourn"]
[EventCountry "CRO"]
[SourceTitle "playchess.com"]
[Source "ChessBase"]
[SourceQuality "1"]

{[%evp 28,155,52,56,52,51,51,53,62,54,58,38,55,33,54,43,75,74,75,62,77,71,108,113,113,100,172,195,182,174,175,210,256,256,263,263,263,263,263,256,256,256,256,256,256,256,256,256,128,0,248,248,248,248,248,241,145,125,420,406,360,339,335,335,789,716,731,895,1089,1031,1014,1002,2242,1812,11397,11404,11200,10402,6620,7044,5110,6777,5835,5893,5624,5301,5211,5121,5114,5114,5106,5092,2103,1148,600,599,29973,29967,29974,29978,29978,29979,29979,29976,29980,29981,29977,29973,29972,29969,29968,29966,29981,29949,29982,29983,29977,29984,29984,5295,29985,29986,29989,29990,29990,29990,29990,29991,29991,29992]} 1. e4 c5 2. Nf3 e6 3. d4 cxd4 4. Nxd4 Nc6 5. Nc3 d6 6. Be3 Nf6 7. f3 Be7 8. Qd2 O-O 9. O-O-O d5 10. Be2 dxe4 {B80: Sicilian Scheveningen: 6 g3 and 6 Be3, including English Attack} 11. Nxc6 bxc6 12. Qxd8 Bxd8 13. Nxe4 Nxe4 14. fxe4 Bb6 15. Bxb6 {LiveBook: 3 Games} axb6 16. a3 $1 Ba6 17. Bxa6 Rxa6 $14 {[%mdl 4096] Endgame KRR-KRR} 18. Rd6 {[#]} Rc8 $146 19. Rhd1 {White wants to mate with Rd8+.} h5 20. Kd2 Kh7 21. Ke3 Kg6 22. Rd7 Ra5 23. Rb7 Rc5 24. c3 (24. Rxb6 Rxc2 25. Rd2 Rc1 $11) 24... b5 25. Rdd7 Rf8 26. h4 {[%cal Bh2h4,Bh4g5][%mdl 32]} Kf6 (26... Rc4 $16 {is a better defense.}) 27. Kd3 $1 $18 {aiming for b4.} g5 28. b4 $1 {[%cal Rb4c5]} Rc4 {[#]} 29. hxg5+ $1 Ke5 30. a4 $1 {[%cal Ra4b5]} (30. Rxf7 Rxf7 31. Rxf7 Rxe4 $14) 30... Rxe4 31. axb5 cxb5 32. g3 {[%cal Rb7b5]} ({Don't play} 32. Rxb5+ $6 Kf4 $18) ({Weaker is} 32. Rxf7 Rxf7 33. Rxf7 Rg4 $14) 32... Kf5 33. Rxf7+ ({But not} 33. Rxb5+ $6 e5 $16) 33... Rxf7 34. Rxf7+ {KR-KR} Ke5 {intending ...Rg4.} 35. Rb7 Rg4 36. Rxb5+ Kd6 37. Rb6+ Ke5 (37... Kd7 $18 38. Rb7+ Kc6) 38. Rb5+ (38. Rb8 $16) 38... Kd6 39. g6 Rxg3+ 40. Kc4 Rg4+ {[#]} 41. Kb3 $1 e5 42. Rb8 e4 $2 {[%mdl 8192]} (42... h4 $16 {keeps fighting.} 43. Rg8 h3 44. Rd8+ Ke6) 43. Kc4 Ke5 44. Re8+ Kf4 45. Kd4 Kf3 $2 (45... Rxg6 46. Rxe4+ Kf3) 46. b5 Rxg6 47. Rf8+ Ke2 48. Kxe4 Rh6 49. Ra8 Kd2 50. c4 {[%cal Bc3c4,Bc4c5,Bc5c6,Bc6c7][%mdl 32]} h4 51. c5 h3 52. c6 Rh4+ 53. Kd5 h2 54. Ra2+ Kc3 {[#]} 55. Rxh2 $3 {[%mdl 512]} Rxh2 {KR-KPP} 56. c7 Rh5+ 57. Ke4 Rh4+ 58. Kf3 Rc4 59. b6 Kd4 60. b7 Rxc7 61. b8=Q {KQ-KR} Rc4 62. Qd6+ Kc3 63. Ke3 Kb2 64. Qe5+ Kc2 65. Qf5+ Kc3 66. Qb5 Rb4 67. Qc5+ Kb3 68. Kd3 Ka4 69. Qd5 Rb5 70. Qa2+ Kb4 71. Kd4 Rb6 72. Qb2+ Ka5 73. Qa3+ Kb5 74. Kd5 {White mates.} Rh6 75. Qd3+ Ka4 76. Qd1+ Kb5 77. Qe2+ Ka4 78. Kc5 {Precision: White = 92%, Black = 50%.} 1-0

[Event "27th CRO-chT 1A-Men 2018"]
[Site "Biograd"]
[Date "2018.09.14"]
[Round "7.15"]
[White "Stevic, Hrvoje"]
[Black "Markus, Robert"]
[Result "1/2-1/2"]
[WhiteElo "2579"]
[BlackElo "2613"]
[Annotator "TA"]
[PlyCount "55"]
[EventDate "2018.09.08"]
[EventType "team-tourn"]
[EventCountry "CRO"]
[SourceTitle "playchess.com"]
[Source "ChessBase"]
[SourceQuality "1"]

{[%evp 27,55,14,14,14,35,14,14,12,14,14,15,10,1,-7,12,12,12,12,12,12,18,12,15,0,0,0,0,0,0,0]} 1. e4 c5 2. c3 Nf6 3. e5 Nd5 4. Nf3 e6 5. d4 cxd4 6. cxd4 d6 7. Bc4 Nc6 8. O-O Be7 9. exd6 Qxd6 10. Nc3 {[%cal Bb1c3,Bc3b5,Bb5c7][%mdl 32]} O-O {B22: Sizilianisch (Alapin 2.c3)} 11. Re1 Rd8 12. Bb3 (12. a3 a6 13. Be3 Nxe3 14. fxe3 b6 15. Rc1 Bb7 16. Ba2 Rac8 17. Ne4 Qd7 18. Nfg5 Bxg5 19. Nxg5 {½-½ (34) Jones,G (2640)-Svidler,P (2768) Wijk aan Zee 2018}) 12... Nf6 13. Nb5 Qd7 14. Bf4 a6 {LiveBook: 7 Partien} 15. Nc7 Ra7 {[#]} 16. Rc1 $146 {Mit der Idee Se5.} Bb4 {Die Stellung ist ausgeglichen.} 17. Ne5 Nxe5 ({Bitte nicht} 17... Qxc7 $6 18. Nxc6 Qxf4 19. Nxd8 $16) 18. Rxe5 Kh8 $1 {zielt auf ...Ld6 ab.} 19. d5 {Droht stark Df3.} b6 20. Re2 {[%cal Rd5e6]} exd5 {[#] Weiss muss nun ...d4 beachten.} 21. Nxd5 $1 {[%mdl 512]} Nxd5 22. Qxd5 Qxd5 23. Bxd5 {Und weiter mit Lc7 wäre nett.} Rad7 24. Bb3 {Droht Lc7.} Bb7 25. h3 h6 26. Bc7 Rc8 27. Rec2 b5 28. Bb6 {Precision: Weiß = 67%, Schwarz = 96%.} 1/2-1/2

[Event "27th CRO-chT 1A-Men 2018"]
[Site "Biograd"]
[Date "2018.09.14"]
[Round "7.16"]
[White "Kuljasevic, Davorin"]
[Black "Kozul, Zdenko"]
[Result "1/2-1/2"]
[WhiteElo "2548"]
[BlackElo "2600"]
[Annotator "TA"]
[PlyCount "134"]
[EventDate "2018.09.08"]
[EventType "team-tourn"]
[EventCountry "CRO"]
[SourceTitle "playchess.com"]
[Source "ChessBase"]
[SourceQuality "1"]

{[%evp 21,134,83,77,49,43,46,47,53,58,62,64,73,76,81,82,54,57,57,68,29,58,22,22,19,13,13,13,10,22,3,3,3,4,3,3,0,0,0,0,0,0,0,0,0,0,0,0,0,0,-14,0,-27,0,-46,-8,-27,-27,-25,-22,-32,-21,-18,0,-16,0,0,0,0,0,0,0,0,0,0,0,0,0,0,0,0,0,0,0,0,0,0,0,0,0,0,0,0,0,0,0,-8,-8,-8,0,0,0,0,0,0,0,0,0,0,0,0,0,0,0,0,0]} 1. d4 Nf6 2. c4 g6 3. Nc3 Bg7 4. e4 d6 5. Nf3 O-O 6. Be2 e5 7. O-O Nbd7 {[%cal Bb8d7,Bd7c5,Bc5e6][%mdl 32]} 8. Be3 c6 9. d5 Ng4 10. Bg5 {E94: King's Indian: Classical: 6 Be2 e5 7 0-0: Various Black 7th moves} f6 11. dxc6 bxc6 {LiveBook: 4 Games} 12. Bc1 {White is better.} Nc5 $146 ({Predecessor:} 12... Qe7 13. b4 Bb7 14. Nd2 Nh6 15. Nb3 Rad8 16. Be3 f5 17. f3 Nf6 {1-0 (50) Bonin,J (2385)-Popovych,O (2275) New York 1990}) 13. b4 Ne6 14. b5 Bb7 15. bxc6 Bxc6 16. Ba3 Nc5 17. Nd2 Nh6 18. Bxc5 dxc5 19. Nb3 Nf7 20. Qxd8 Rfxd8 21. Nxc5 Ng5 22. h4 Bf8 23. hxg5 Bxc5 24. gxf6 Rd2 25. Rad1 Rc2 26. Rc1 Rb2 27. Bd1 Rf8 28. Rc2 Rxc2 29. Bxc2 Rxf6 30. Nd5 Rf7 31. g3 Rf3 {Hoping for ...Rxg3+.} 32. Kg2 Ra3 33. Bb1 Ra4 34. Rc1 h5 35. Kf3 Kf7 36. Ke2 Bd4 37. f3 Ke6 38. Nc7+ Kd6 39. Nb5+ Kc5 40. Nxd4 exd4 $11 {[%mdl 4096] Endgame KRB-KRB} 41. Rd1 {The position is equal.} Be8 42. Rd2 Rb4 43. Bd3 a5 44. f4 a4 45. e5 Bf7 46. Kd1 a3 47. Re2 Rb6 48. Kc1 Be6 49. Rf2 Bg4 50. Rd2 Bd7 51. Re2 Ra6 52. Kd2 {next Re1 is good for White.} Rb6 53. Kc1 Be6 54. Rf2 Bf5 55. Bxf5 gxf5 {KR-KR} 56. Rf3 $1 Kxc4 {[#] And now ...d3 would win.} 57. Rxa3 d3 58. Ra5 Kc3 {( -> ...d2+)} 59. Rd5 $1 Rg6 60. e6 $1 Rxe6 {[%cal Re6e1] [#]} (60... Rxg3 $5 61. Rc5+ $8 Kd4 $11) 61. Rc5+ Kd4 62. Rxf5 Re1+ 63. Kd2 Re2+ 64. Kd1 Rh2 65. Re5 Kc3 {aiming for ...Rh1+.} 66. Rc5+ Kd4 67. Re5 Kc3 {Precision: White = 72%, Black = 80%.} 1/2-1/2

[Event "27th CRO-chT 1A-Men 2018"]
[Site "Biograd"]
[Date "2018.09.14"]
[Round "7.17"]
[White "Palac, Mladen"]
[Black "Jovanic, Ognjen"]
[Result "1-0"]
[WhiteElo "2540"]
[BlackElo "2512"]
[Annotator "TA"]
[PlyCount "73"]
[EventDate "2018.09.08"]
[EventType "team-tourn"]
[EventCountry "CRO"]
[SourceTitle "playchess.com"]
[Source "ChessBase"]
[SourceQuality "1"]

{[%evp 24,73,38,25,35,21,35,42,48,39,43,38,70,63,70,60,122,123,118,136,172,173,183,84,79,89,206,201,211,165,167,169,165,153,181,181,181,181,181,156,153,141,112,117,118,119,476,468,897,868,1146,1134]} 1. e4 c5 2. Nf3 e6 3. d4 cxd4 4. Nxd4 Nc6 5. Nc3 Qc7 6. g3 a6 7. Bg2 Nf6 8. O-O Be7 9. Be3 d6 10. Nxc6 bxc6 11. Na4 {B80: Sicilian Scheveningen: 6 g3 and 6 Be3, including English Attack} Rb8 12. c4 c5 13. Qe2 {LiveBook: 3 Games. White is slightly better.} (13. b3 Bb7 14. Nc3 Nd7 15. Rc1 Bf6 16. Ne2 O-O 17. f4 Rbd8 18. g4 g6 {½-½ (26) Baklan,V (2595)-Castellanos Rodriguez,R (2498) Benasque 2018}) 13... Bb7 14. Nc3 Bc6 15. Rad1 O-O 16. f4 $146 ({Predecessor:} 16. b3 Qb7 17. Bf4 Rbd8 18. Rfe1 Rfe8 {½-½ (50) Rudolf,A (2283)-Feher,A (2260) Szentgotthard 2010}) 16... Qb7 17. Bc1 Rfd8 18. g4 {[%cal Bg3g4,Bg4g5][%mdl 32]} Bf8 19. g5 Ne8 (19... Nd7 $14) 20. f5 $16 exf5 21. exf5 ({Reject} 21. Rxf5 $6 g6 $14) 21... Nc7 22. Bxc6 Qxc6 {[#]} 23. Qf3 (23. g6 $1 $18 {[%mdl 512]}) 23... Qxf3 24. Rxf3 f6 (24... g6 $16) 25. gxf6 $18 gxf6 26. Ne4 Ne8 27. Rfd3 Rd7 28. Kf2 Rg7 29. b3 a5 30. Bf4 {Strongly threatening Nxc5!} Ra8 31. Kf3 a4 32. Nxd6 Nxd6 33. Bxd6 axb3 34. axb3 Rg5 $2 {[%mdl 8192] [#]} (34... Bxd6 $16 {is tougher.} 35. Rxd6 Rb7) 35. Bf4 $1 {White is clearly winning.} Rg7 (35... Rxf5 $142 36. Kg4 Rxf4+ 37. Kxf4 Ra2) 36. Rd8 Ra3 37. Rb8 {Precision: White = 75%, Black = 39%.} 1-0

[Event "27th CRO-chT 1A-Men 2018"]
[Site "Biograd"]
[Date "2018.09.14"]
[Round "7.18"]
[White "Kovacevic, Blazimir"]
[Black "Zelcic, Robert"]
[Result "1/2-1/2"]
[WhiteElo "2494"]
[BlackElo "2520"]
[Annotator "TA"]
[PlyCount "147"]
[EventDate "2018.09.08"]
[EventType "team-tourn"]
[EventCountry "CRO"]
[SourceTitle "playchess.com"]
[Source "ChessBase"]
[SourceQuality "1"]

{[%evp 15,147,-10,6,0,-9,0,0,0,0,0,0,0,0,0,0,0,8,14,17,13,18,13,13,13,10,8,19,21,13,11,11,0,0,0,0,0,0,0,0,0,0,0,16,0,0,0,0,0,0,0,0,0,8,0,0,-8,-8,-8,-8,-8,-8,-8,-8,-8,-8,-8,-8,-8,-8,-15,-15,-15,-15,-15,0,0,0,-8,0,-3,-3,-3,0,-38,-22,-22,0,-38,0,-6,0,0,0,-8,0,0,0,0,0,0,0,0,0,-14,-16,-23,0,0,0,-20,0,0,0,0,0,0,0,0,0,0,0,0,0,0,0,0,0,0,0,0,0,0,0,0]} 1. Nf3 Nf6 2. g3 d5 3. Bg2 c5 4. O-O e6 5. d3 Nc6 6. Nbd2 Be7 7. e4 O-O 8. Re1 Qc7 {LiveBook: 242 Games} 9. exd5 {C00: French: Unusual White 2nd moves} (9. e5 Nd7 10. Qe2 b5 11. Nf1 Bb7 12. Bf4 Rfc8 13. Ne3 Qd8 14. h4 h6 15. c3 b4 16. c4 Nb6 17. Rad1 Rc7 18. Ng4 Qf8 19. Qe3 Nd4 20. Nxd4 cxd4 {0-1 (44) Svidler,P (2760)-Kramnik,V (2800) Moscow 2018}) 9... exd5 10. d4 cxd4 $146 ({Predecessor:} 10... Qb6 11. Nb3 c4 12. Nbd2 Re8 13. c3 h6 14. Qc2 Be6 15. b3 cxb3 16. axb3 Rac8 {½-½ (50) Foerster,H (2266)-Buettner,F (2437) Remote email 2013}) 11. Nb3 Bg4 12. Nbxd4 Nxd4 13. Qxd4 Bc5 14. Qf4 Qb6 15. Ne5 Rfe8 16. Bd2 Bd6 17. Bc3 $1 Qc7 18. Qd4 Bf5 19. Nd3 Be4 20. Qa4 {With the idea Bxf6.} Qc4 21. Qb3 Bxg2 22. Kxg2 Ne4 23. Qxb7 Reb8 24. Qd7 Rd8 25. Qf5 g6 26. Qf3 Nxc3 27. bxc3 Qxc3 28. Rab1 Qc6 29. Ne5 Bxe5 $1 30. Rxe5 {next Re7 is good for White.} Rd6 31. Rd1 Rad8 32. Rd4 Rf6 33. Qd3 {[%cal Re5d5]} Rc8 34. Rexd5 (34. Re2 {is more complex.} Rd8 35. a4 Kg7 36. Qb5 a6 37. Qxc6 Rxc6 38. Red2) 34... Qxc2 35. Qxc2 (35. Qd2 {keeps more tension.} Qxd2 36. Rxd2 Rc7 37. Ra5 Kg7 38. Rd3) 35... Rxc2 36. Rd2 Rxd2 37. Rxd2 $11 {[%mdl 4096] Endgame KR-KR} Ra6 38. h4 h5 39. Kf3 Ra4 40. Rc2 Kg7 41. Rd2 Kf6 42. Rc2 Ke5 43. Rc5+ Kd6 44. Rc2 Kd5 45. Re2 Kd6 46. Rc2 a5 47. Rb2 Kc6 48. Ke3 Kd5 49. Rb5+ Ke6 50. Rb2 Kd5 51. Rb5+ Kc6 (51... Kc4 $5 {[%cal Rc4b5]} 52. Rb2 Kc3 $15) 52. Rb2 Rc4 53. Rb8 Rg4 54. Kf3 Kd6 55. Rb6+ Ke7 56. Rb7+ Kf8 57. Rb5 Ra4 58. Rb2 Kg7 59. Rc2 Kf6 60. Rb2 Rc4 61. Rb6+ {The position is equal.} Kg7 62. Rb5 Rc3+ 63. Kf4 Ra3 64. Rb2 f6 65. f3 Ra4+ 66. Ke3 Kh6 67. Rb6 f5 68. Rb2 Rc4 69. Rd2 Kg7 70. Rd4 Rc3+ 71. Rd3 Rc4 72. Rd4 Rc3+ 73. Rd3 Rc4 74. Rd4 {Precision: White = 71%, Black = 68%.} 1/2-1/2

[Event "27th CRO-chT 1A-Men 2018"]
[Site "Biograd"]
[Date "2018.09.14"]
[Round "7.19"]
[White "Movsesian, Sergei"]
[Black "Hracek, Zbynek"]
[Result "1/2-1/2"]
[WhiteElo "2645"]
[BlackElo "2557"]
[Annotator "TA"]
[PlyCount "39"]
[EventDate "2018.09.08"]
[EventType "team-tourn"]
[EventCountry "CRO"]
[SourceTitle "playchess.com"]
[Source "ChessBase"]
[SourceQuality "1"]

{[%evp 21,22,21,47]} 1. e4 e5 2. Nf3 Nc6 3. Nc3 Nf6 4. Bb5 Bb4 5. O-O O-O 6. d3 Bxc3 7. bxc3 d6 8. Bg5 Qe7 9. Re1 Nd8 10. d4 Ne6 11. Bc1 c5 {LiveBook: 141 Partien} {Vorgänger:} 12. d5 $146 Nc7 13. Bf1 Nfe8 14. c4 f5 15. Rb1 f4 16. Nd2 g5 17. Be2 Nf6 18. h3 Qf7 19. Bg4 Nxg4 20. hxg4 {1-0 (50) Naiditsch,A (2687)-Halkias,S (2585) Tallinn 2016} 1/2-1/2

[Event "27th CRO-chT 1A-Men 2018"]
[Site "Biograd"]
[Date "2018.09.14"]
[Round "7.21"]
[White "Biti, Ozren"]
[Black "Zivkovic, Vjekoslav"]
[Result "1/2-1/2"]
[WhiteElo "2366"]
[BlackElo "2358"]
[Annotator "NA"]
[PlyCount "21"]
[EventDate "2018.09.08"]
[EventType "team-tourn"]
[EventCountry "CRO"]
[SourceTitle "playchess.com"]
[Source "ChessBase"]
[SourceQuality "1"]
[TimeControl "40/5400+30:1800+30"]

1. e4 {[%emt 0:00:30]} c5 {[%emt 0:00:30]} 2. Nf3 {[%emt 0:00:00]} d6 {[%emt 0:00:00]} 3. Bb5+ {[%emt 0:00:00]} Bd7 {[%emt 0:00:00]} 4. Bxd7+ {[%emt 0:00:00]} Qxd7 {[%emt 0:00:00]} 5. O-O {[%emt 0:00:00]} Nf6 {[%emt 0:00:00]} 6. Nc3 {[%emt 0:00:30]} Nc6 {[%emt 0:00:00]} 7. d4 {[%emt 0:00:30]} cxd4 {[%emt 0:00:00]} 8. Nxd4 {[%emt 0:00:00]} e6 {[%emt 0:00:30]} 9. Re1 {[%emt 0:00:00]} Be7 {[%emt 0:00:00]} 10. h3 {[%emt 0:00:30]} O-O {[%emt 0:00:00]} 11. Be3 {[%emt 0:00:00]} 1/2-1/2